| 000 -LEADER |
| fixed length control field |
00602nam a22002177a 4500 |
| 003 - CONTROL NUMBER IDENTIFIER |
| control field |
OSt |
| 005 - DATE AND TIME OF LATEST TRANSACTION |
| control field |
20210420062438.0 |
| 008 - FIXED-LENGTH DATA ELEMENTS--GENERAL INFORMATION |
| fixed length control field |
201126b1919 ||||| |||| 00| 0 eng d |
| 020 ## - INTERNATIONAL STANDARD BOOK NUMBER |
| International Standard Book Number |
9781173075767 |
| 040 ## - CATALOGING SOURCE |
| Transcribing agency |
DLC |
| 041 ## - LANGUAGE CODE |
| Language code of text/sound track or separate title |
eng |
| 080 ## - UNIVERSAL DECIMAL CLASSIFICATION NUMBER |
| Universal Decimal Classification number |
61(09) |
| Item number |
P-11 |
| 100 ## - MAIN ENTRY--PERSONAL NAME |
| 9 (RLIN) |
390 |
| Personal name |
Packard,R.Francis |
| Relator term |
editor |
| 245 ## - TITLE STATEMENT |
| Title |
Annals of medical history volume 2 |
| 250 ## - EDITION STATEMENT |
| Edition statement |
volume 2 |
| 260 ## - PUBLICATION, DISTRIBUTION, ETC. |
| Place of publication, distribution, etc. |
new york |
| Name of publisher, distributor, etc. |
Paul B.Hober, Publisher |
| Date of publication, distribution, etc. |
1919 reprinted in 2000s |
| 300 ## - PHYSICAL DESCRIPTION |
| Extent |
405 |
| Other physical details |
ill |
| 650 #0 - SUBJECT ADDED ENTRY--TOPICAL TERM |
| 9 (RLIN) |
335 |
| Topical term or geographic name entry element |
History of Medicine |
| 653 ## - INDEX TERM--UNCONTROLLED |
| Uncontrolled term |
მედიცინის ისტორია |
| 942 ## - ADDED ENTRY ELEMENTS (KOHA) |
| Source of classification or shelving scheme |
|
| Koha item type |
Books |